| 000 | 00808nam a2200205 a 4500 | ||
|---|---|---|---|
| 001 | 4128 | ||
| 005 | 20140414131852.0 | ||
| 008 | 090209s19uu xx 00 eng d | ||
| 020 | _a0-8239-3612-0 | ||
| 050 |
_aM 641.3 _bF87 2002 |
||
| 100 | _aFreedman, Jeri | ||
| 245 |
_aEverything you need to know about genetically modified foods / _cby Jeri Freedman. |
||
| 260 |
_aNew York : _bThe Rosen, _cc2002. |
||
| 300 | _a64 p. : col., ill. cm. | ||
| 440 | _aThe need to know library | ||
| 500 | _aIncludes bibliographical references and index. | ||
| 520 | _aDetails recent developments pertaining to genetic modification of food, including where the research is taking place and how it affects agriculture and the consumer. | ||
| 650 |
_aGenetically modified foods _xJuvenile literature. |
||
| 999 |
_c110261 _d110261 |
||